[Event "Belgrade Spring IM-I 2021"]
[Site "Belgrade"]
[Date "2021.04.18"]
[Round "4.4"]
[White "Hart, Alexander"]
[Black "Krasteva, Beloslava"]
[Result "0-1"]
[WhiteElo "2016"]
[BlackElo "2287"]
[Annotator "TA"]
[PlyCount "68"]
[EventDate "2021.04.16"]
[EventType "tourn"]
[EventCountry "SRB"]
[SourceTitle "playchess.com"]
[Source "ChessBase"]
[SourceQuality "1"]

{[%evp 21,68,20,27,11,35,0,60,41,54,0,0,0,11,16,14,-163,-174,-146,-114,-133,-152,-147,-130,-139,-135,-365,-366,-357,-368,-415,-413,-506,-389,-382,-386,-738,-714,-761,-754,-824,-822,-768,-733,-798,-790,-779,-768,-830,-700]} 1. d4 d5 2. c4 e6 3. Nc3 Be7 4. Nf3 Nf6 5. Bf4 O-O 6. e3 c5 7. dxc5 Bxc5 8. cxd5 exd5 9. Be2 Nc6 10. O-O Be6 11. Rc1 Rc8 12. Na4 {D37: Queen's Gambit Declined: 5 Bf4.} Be7 13. Nc5 {[#]} Qb6 $146 ({Black should play} 13... Bxc5 $11 14. Rxc5 Ne4) ({Predecessor:} 13... Nh5 14. Nxe6 fxe6 15. Nd4 Nxf4 16. exf4 Nxd4 17. Qxd4 Qb6 18. Qxb6 axb6 19. Bg4 Kf7 {½-½ (28) Skalik,P (2412)-Murdzia,P (2403) Ustron 2001}) 14. Nxe6 $14 {White is slightly better.} fxe6 15. Nd4 (15. Ng5 $14) 15... Nxd4 $11 16. Qxd4 Bc5 17. Qe5 Nd7 18. Qc3 {[#]} (18. Qh5 $11) 18... Rxf4 $1 $19 {[%mdl 512]} 19. exf4 {[#] Threatens to win with Qd2.} Bxf2+ $1 {[%mdl 576] Discovered Attack} 20. Rxf2 Rxc3 21. Rxc3 {[#]} Nc5 $1 $36 {[%cal Rc5e4][%mdl 2048] aiming for ...Ne4! Black is really pushing.} ({But not} 21... Qxb2 22. Rc8+ Nf8 23. Bd3 $17) 22. Bf3 d4 23. Ra3 (23. Rc4 $17 Nd3 24. Rc8+ Kf7 25. Rb8) 23... a5 {[%cal Ba7a5,Ba5a4][%mdl 32]} 24. g3 a4 25. Kg2 Qb4 26. Bd1 b5 27. Raf3 d3 28. Re3 $2 (28. b3) 28... Ne4 {Black is clearly winning.} 29. a3 Qd4 30. Rxe4 Qxe4+ 31. Bf3 Qd4 32. Rd2 Qe3 33. Rd1 d2 34. Rf1 Qd4 {Weighted Error Value: White=0.67/Black=0.13} 0-1

[Event "Belgrade Spring IM-I 2021"]
[Site "Belgrade"]
[Date "2021.04.19"]
[Round "5.6"]
[White "Milanovic, Slavisa"]
[Black "Djokic, Nenad"]
[Result "1/2-1/2"]
[WhiteElo "2301"]
[BlackElo "2329"]
[Annotator "ChessBase"]
[PlyCount "25"]
[EventDate "2021.04.16"]
[EventType "tourn"]
[EventCountry "SRB"]
[SourceTitle "playchess.com"]
[Source "ChessBase"]
[SourceQuality "1"]
[TimeControl "40/5400+30:1800+30"]

1. c4 {[%emt 0:00:55]} c5 {[%emt 0:00:00]} 2. Nf3 {[%emt 0:00:12]} Nf6 {[%emt 0:00:12]} 3. Nc3 {[%emt 0:01:49]} b6 {[%emt 0:00:41]} 4. g3 {[%emt 0:03:02]} Bb7 {[%emt 0:00:14]} 5. Bg2 {[%emt 0:00:08]} g6 {[%emt 0:02:10]} 6. O-O {[%emt 0:03:07]} Bg7 {[%emt 0:00:08]} 7. d4 {[%emt 0:00:29]} cxd4 {[%emt 0:00:19]} 8. Qxd4 {[%emt 0:00:08]} O-O {[%emt 0:00:21]} 9. Qh4 {[%emt 0:02:00]} d6 {[%emt 0:00:21]} 10. Bh6 {[%emt 0:06:47]} Nbd7 {[%emt 0:00:20]} 11. Rfd1 {[%emt 0:02:59]} Rc8 {[%emt 0:00:28]} 12. b3 {[%emt 0:00:18]} Rc5 {[%emt 0:15:06]} 13. Bxg7 {[%emt 1:14:36]} 1/2-1/2

[Event "Belgrade Spring IM-I 2021"]
[Site "Belgrade"]
[Date "2021.04.19"]
[Round "5.7"]
[White "Krasteva, Beloslava"]
[Black "Govedarica, Radovan"]
[Result "1-0"]
[WhiteElo "2287"]
[BlackElo "2300"]
[Annotator "TA"]
[PlyCount "97"]
[EventDate "2021.04.16"]
[EventType "tourn"]
[EventCountry "SRB"]
[SourceTitle "playchess.com"]
[Source "ChessBase"]
[SourceQuality "1"]

{[%evp 12,97,0,0,12,0,18,10,44,31,15,24,28,21,48,29,33,32,28,27,29,20,50,31,35,11,27,18,7,-13,0,-19,0,-15,-16,-21,-4,-48,-51,-177,-175,-161,-133,-138,-137,-139,-154,-127,-68,-82,-59,-121,-75,-113,-104,-106,-110,-88,-74,-73,-79,-92,13,-141,-120,-200,-200,-218,-158,-156,-110,-145,-128,-136,258,257,248,258,329,321,321,321,339,318,297,190,2041,1300]} 1. d4 Nf6 2. c4 e6 3. Nc3 Bb4 4. e3 O-O 5. Bd3 c5 6. Nge2 d5 7. cxd5 cxd4 {E48: Nimzo-Indian: Rubinstein: 5 Bd3 d5 including 6 Ne2, but excluding 6 a3.} 8. exd4 Qxd5 9. O-O {[#]} Qa5 $146 {The position is equal.} ({Predecessor:} 9... Qh5 10. Nf4 Qxd1 11. Rxd1 Rd8 12. Be3 Nc6 13. a3 Bd6 14. d5 exd5 15. Nfxd5 Nxd5 16. Nxd5 Be6 17. Be4 Rac8 {½-½ (67) Santos Latasa,J (2575)-Bjerre,J (2549) chess.com INT 2020}) 10. Qc2 Nc6 11. Ne4 Nxe4 12. Bxe4 g6 13. a3 Bd6 14. Rd1 Ne7 15. Nc3 Bd7 16. g3 Rab8 17. Bg2 {Black must now prevent Ne4.} Rfc8 18. Qe2 {Black should prevent d5.} Bc6 19. Ne4 Bxe4 20. Qxe4 Nd5 21. h4 Qa4 22. Qe2 Rc2 23. Qe1 Rbc8 24. Rb1 Qb3 {Strongly threatening ...Rxf2!} 25. Be4 {[#]} (25. Bh6 $15) 25... Rxf2 $1 $19 {[%mdl 512]} 26. Rd3 Qc2 27. Rd2 Rxd2 28. Bxc2 Rdxc2 29. Bh6 Ne7 (29... a6 $17 30. g4 Nf6) 30. g4 $15 Nd5 31. Qf1 ({White should try} 31. Rc1 $15) 31... a6 32. Qf3 Be7 $1 33. h5 Bf6 34. Be3 Nxe3 35. Qxe3 Rd8 36. Rd1 gxh5 ({Better is} 36... Rd5 $17 37. hxg6 hxg6) 37. g5 $2 (37. Qf4 $11 Bg7 38. gxh5) 37... Bg7 38. b3 (38. d5 $17) 38... Rd5 $19 39. Kh1 Rc8 40. Qf3 Rcd8 ({Much weaker is} 40... Rxd4 $6 41. Rxd4 Bxd4 42. Qxb7 $11) 41. Rf1 R8d7 ({Weaker is} 41... Rxg5 42. Qxf7+ Kh8 43. Qxe6 $14) 42. Rc1 Rxg5 $2 {[%mdl 8192]} (42... Bf8 $17 {keeps the pressure on.} 43. Rc8 Rxd4 44. Qxh5 Rd3) 43. Rc8+ $18 Bf8 {[#]} 44. Qf4 {[%cal Rf4g5]} h6 {[#] ...Kg7 is the strong threat.} 45. Qb8 $1 Kg7 46. Rxf8 Rxd4 47. Rg8+ Kf6 {( -> ...Rh4+)} 48. Rxg5 hxg5 $2 (48... Rh4+ 49. Kg2 hxg5) 49. Qh8+ {[%mdl 64] Double Attack.  Weighted Error Value: White=0.23/Black=0.37} 1-0

[Event "Belgrade Spring IM-I 2021"]
[Site "Belgrade"]
[Date "2021.04.19"]
[Round "5.8"]
[White "Savitha Shri B"]
[Black "Hart, Alexander"]
[Result "1-0"]
[WhiteElo "2261"]
[BlackElo "2016"]
[Annotator "TA"]
[PlyCount "53"]
[EventDate "2021.04.16"]
[EventType "tourn"]
[EventCountry "SRB"]
[SourceTitle "playchess.com"]
[Source "ChessBase"]
[SourceQuality "1"]

{[%evp 9,53,29,36,37,36,31,31,31,31,31,36,41,35,44,35,20,59,77,76,0,33,0,0,-5,-10,-33,4,-18,92,15,131,114,108,112,440,403,424,311,518,521,518,515,510,505,472,485]} 1. e4 e5 2. Nf3 Nc6 3. Bb5 g6 4. O-O Bg7 5. c3 a6 6. Ba4 {C60: Ruy Lopez: Unusual Black 3rd moves and 3...g6.} b5 7. Bc2 Nge7 8. d4 {White is slightly better.} exd4 {8...exd4 is better than 8...d6.} 9. cxd4 d6 10. h3 O-O 11. Nc3 Bb7 12. Be3 Re8 {[#]} 13. Qd2 $146 ({Predecessor:} 13. Rc1 Nc8 14. Re1 Nb4 15. Bb1 Nb6 16. d5 Nc4 17. Qb3 c5 18. a3 Nxd5 19. Nxd5 Bxb2 20. Rxc4 Bxd5 21. exd5 Bxa3 {1-0 (40) Sadlon,M (1698)-Ralbovsky,M (1271) Slovakia 2019}) 13... Na5 14. Bd3 ({White should play} 14. b3 $16) 14... Qd7 15. b4 (15. Bh6 {is interesting.} Bh8 16. d5 f5 17. b3 c5 18. Rae1) 15... Nc4 16. Bxc4 bxc4 17. Nh2 Rad8 18. Rad1 Qc8 (18... f5 $11) 19. f3 (19. Ng4 $16) 19... Qa8 {[#]} (19... h5 $11) 20. d5 $1 $16 c6 21. Bd4 cxd5 $2 {[%mdl 8192] Loses the game.} (21... h5 $16 {is tougher.}) 22. Ng4 $18 {Black must now prevent Bxg7.} ({Weaker is} 22. Bxg7 Kxg7 23. Ng4 (23. Nxd5 Nxd5 24. exd5 Qa7+ 25. Kh1 Qe3 $15) 23... Qa7+ 24. Kh1 Ng8 $18) 22... f6 23. Nxf6+ Kh8 $2 {[#]} (23... Bxf6 {was worth a try.} 24. Bxf6 Rd7) 24. Nxe8 {White is clearly winning.} Rxe8 25. Bxg7+ Kxg7 26. Qd4+ Kg8 27. g4 {Weighted Error Value: White=0.16/Black=0.69} 1-0

[Event "Belgrade Spring IM-I 2021"]
[Site "Belgrade"]
[Date "2021.04.19"]
[Round "5.9"]
[White "Jovanovic, Sasa T"]
[Black "Zegarac, Vuk"]
[Result "1/2-1/2"]
[WhiteElo "2155"]
[BlackElo "2376"]
[Annotator "ChessBase"]
[PlyCount "56"]
[EventDate "2021.04.16"]
[EventType "tourn"]
[EventCountry "SRB"]
[SourceTitle "playchess.com"]
[Source "ChessBase"]
[SourceQuality "1"]
[TimeControl "40/5400+30:1800+30"]

1. d4 {[%emt 0:00:00]} Nf6 {[%emt 0:00:00]} 2. c4 {[%emt 0:00:00]} c5 {[%emt 0:00:00]} 3. d5 {[%emt 0:00:00]} e6 {[%emt 0:00:11]} 4. Nc3 {[%emt 0:00:00]} exd5 {[%emt 0:00:05]} 5. cxd5 {[%emt 0:00:00]} d6 {[%emt 0:00:05]} 6. e4 {[%emt 0:00:08]} g6 {[%emt 0:00:07]} 7. f4 {[%emt 0:00:03]} Bg7 {[%emt 0:00:05]} 8. Bb5+ {[%emt 0:00:03]} Nfd7 {[%emt 0:00:06]} 9. Nf3 {[%emt 0:00:04]} a6 {[%emt 0:00:06]} 10. Bd3 {[%emt 0:00:05]} b5 {[%emt 0:00:05]} 11. O-O {[%emt 0:00:06]} O-O {[%emt 0:00:05]} 12. Qe1 {[%emt 0:00:06]} Re8 {[%emt 0:01:18]} 13. Qg3 {[%emt 0:00:06]} b4 {[%emt 0:00:26]} 14. Na4 {[%emt 0:00:09]} Ra7 {[%emt 0:00:20]} 15. Be3 {[%emt 0:07:42]} Nf6 {[%emt 0:01:41]} 16. e5 {[%emt 0:07:21]} Ng4 {[%emt 0:12:09]} 17. Rae1 {[%emt 0:07:52]} Nxe3 {[%emt 0:01:16]} 18. Rxe3 {[%emt 0:00:09]} Bd7 {[%emt 0:03:19]} 19. Bc2 {[%emt 0:01:41]} Qa5 {[%emt 0:05:32]} 20. b3 {[%emt 0:05:31]} c4 {[%emt 0:01:45]} 21. Qf2 {[%emt 0:09:26]} Bxa4 {[%emt 0:03:02]} 22. bxa4 {[%emt 0:01:38]} Rae7 {[%emt 0:00:59]} 23. Re4 {[%emt 0:04:10]} Qxd5 {[%emt 0:07:15]} 24. Rd1 {[%emt 0:01:56]} Qc5 {[%emt 0:04:57]} 25. Qxc5 {[%emt 0:02:26]} dxc5 {[%emt 0:00:04]} 26. Rxc4 {[%emt 0:00:10]} Rc7 {[%emt 0:00:21]} 27. Bb3 {[%emt 0:12:57]} Bf8 {[%emt 0:09:20]} 28. Re4 {[%emt 0:03:51]} Kg7 {[%emt 0:03:11]} 1/2-1/2

[Event "Belgrade Spring IM-I 2021"]
[Site "Belgrade"]
[Date "2021.04.19"]
[Round "5.10"]
[White "Ivanovic, Marko"]
[Black "Blagojevic, Tijana"]
[Result "1/2-1/2"]
[WhiteElo "2282"]
[BlackElo "2193"]
[Annotator "TA"]
[PlyCount "118"]
[EventDate "2021.04.16"]
[EventType "tourn"]
[EventCountry "SRB"]
[SourceTitle "playchess.com"]
[Source "ChessBase"]
[SourceQuality "1"]

{[%evp 19,118,12,28,22,41,27,27,19,22,40,35,35,36,0,0,0,27,26,127,125,108,98,112,0,0,25,75,117,97,109,101,-99,200,184,177,131,135,143,115,120,107,-72,-78,-130,-141,-222,-143,-148,-145,-141,-64,-74,-60,-60,-67,-56,-57,-1092,-204,-196,-189,-29985,-29986,-29990,-29991,-29991,-29992,-29992,-29993,-29993,-16,-20,-16,-19,-28,-12,-8,-8,-8,-8,0,0,0,-80,0,0,0,0,0,0,0,0,0,0,0,0,0,0,0,0,0]} 1. d4 d5 2. c4 c6 3. Nf3 Nf6 4. Nc3 e6 5. e3 Nbd7 6. Qc2 Bd6 7. g4 Bb4 8. Bd2 Qe7 9. g5 Bxc3 10. Bxc3 Ne4 11. h4 {D45: Semi-Slav: 5 e3.} f5 {[#]} 12. Bd3 $146 ({Predecessor:} 12. Nd2 b6 13. Nxe4 fxe4 14. Qa4 Bb7 15. cxd5 exd5 16. Bb4 c5 17. Ba3 O-O 18. Bh3 Rf7 {½-½ (65) Pierzak,R (2443)-Janiuk,W (2347) ICCF email 2007}) 12... O-O 13. O-O-O {White has an edge.} Nxc3 14. Qxc3 dxc4 15. Bxc4 b5 {[%cal Bb7b5,Bb5b4][%mdl 32]} 16. Be2 (16. Qa3 $5 {[%cal Ra3e7]} Re8 17. Qxe7 Rxe7 18. Be2 $11) 16... Bb7 17. Ne5 b4 18. Qb3 $36 {[%mdl 2048] White has good play.} (18. Nxc6 $2 Bxc6 19. Qxc6 Rac8 $19) 18... Nb6 (18... c5 $11 {remains equal.} 19. Nxd7 Qxd7) 19. Bf3 $1 $16 a5 {[%cal Ba7a5,Ba5a4,Ba4a3][%mdl 32]} 20. Kb1 a4 21. Qd3 ({White has to play} 21. Qc2 $16) 21... a3 $1 $11 {[%cal Ra3b2] Threatens to win with ...axb2.} 22. b3 (22. Bxc6 $2 axb2 23. Rd2 (23. Kxb2 $2 Bxc6 24. Nxc6 Qb7 $19) 23... Bxc6 $19) 22... c5 23. Bxb7 Qxb7 24. dxc5 Nd5 25. Qc4 $2 (25. c6 $1 $16 {[%cal Rc6b7]} Qc7 26. f4) 25... Rfd8 $2 {[%mdl 8192]} (25... Nc3+ $1 $17 26. Kc2 Qe4+ 27. Nd3 (27. Qxe4 fxe4 28. Rd2 Rf5 $17) 27... Nxd1 28. Rxd1 Rad8) 26. Ka1 Rac8 27. c6 Qc7 28. f4 Qb6 29. Rd4 Rd6 30. Qd3 {[#]} (30. Qe2 $16 {stays on course.}) 30... Nxf4 $1 $17 31. Qc4 {[#]} (31. Qd2 $142 Rxd4 32. Qxd4 Qxd4+ 33. exd4) 31... Nd5 $1 {[%cal Rd5e3]} 32. Qc1 (32. Qd3 $17) 32... Qc7 33. Qc5 Rdd8 34. Nd3 Qg3 (34... Qxc6 $17 35. Qxc6 Rxc6 36. Nxb4 Rc3) 35. Rc1 $15 Qh2 {White must now prevent ...Nc3.} 36. Rc2 {[%cal Rc2h2]} Qg1+ 37. Rc1 Qg2 38. h5 $2 {[%mdl 8192]} (38. Rc2 $15 Qf3 39. Rc1) 38... Qxg5 $2 (38... Nc3 39. Rxc3 bxc3 40. Qxa3 Rxd4 41. exd4 Qxc6) 39. Nxb4 $19 Nxb4 40. Rxb4 $2 {[#]} (40. Qxb4 $19 Rxd4 41. Qxd4) 40... Qg2 $1 {[%csl Ga3][%cal Rg2b2]} 41. Qe5 Rxc6 {[%cal Rc6c1]} 42. Rbc4 Rxc4 43. bxc4 {[%mdl 4096] Endgame [#] KQR-KQR} Qc2 $1 {[%cal Rc2c1][%mdl 512]} 44. Rb1 Qxc4 $2 (44... h6 {mates} 45. e4 Kh8 46. c5 Rd1 47. Qb8+ Kh7 48. Qb4 Rxb1+ {[%mdl 64] Overworked Piece} 49. Qxb1 Qc3+ 50. Qb2 Qxb2#) 45. h6 $1 $11 {[%csl Gh6][%cal Re5g7]} Qg4 {...Re8 is the strong threat.} ({Avoid the trap} 45... gxh6 $2 46. Qf6 $18) 46. Qxe6+ Kh8 47. Qe7 {[%cal Re7d8]} Rg8 48. Qxa3 Qg6 ({Wrong is} 48... gxh6 $2 49. Qc3+ Qg7 50. Qxg7+ Kxg7 51. Rg1+ Kf7 52. Rxg8 $18) 49. Rh1 Qc6 (49... Re8 {seems wilder.} 50. Qc3 Kg8 51. Qxg7+ Qxg7+ 52. hxg7 Rxe3 53. Kb2 f4) 50. hxg7+ Rxg7 51. Rd1 (51. Rc1 $11 {keeps the balance.} Qf6+ 52. Qb2 Qxb2+ 53. Kxb2 Rb7+ 54. Kc2) 51... Qf6+ (51... h5 $17) 52. Qb2 {The position is equal.} Qxb2+ 53. Kxb2 {Hoping for Rd8+. KR-KR} Rg2+ 54. Kb3 Rg3 55. Re1 f4 56. Kc4 fxe3 (56... Rxe3 57. Rxe3 fxe3 58. Kd3 h5 59. Kxe3 h4 60. a4 h3 61. Kf3) 57. a4 Rg4+ 58. Kb5 Rg5+ 59. Kb6 Rg6+ {White happily takes the draw.  Weighted Error Value: White=0.53/Black=0.47} 1/2-1/2

[Event "Belgrade Spring IM-I 2021"]
[Site "Belgrade"]
[Date "2021.04.20"]
[Round "6.6"]
[White "Djokic, Nenad"]
[Black "Blagojevic, Tijana"]
[Result "0-1"]
[WhiteElo "2329"]
[BlackElo "2193"]
[Annotator "TA"]
[PlyCount "200"]
[EventDate "2021.04.16"]
[EventType "tourn"]
[EventCountry "SRB"]
[SourceTitle "playchess.com"]
[Source "ChessBase"]
[SourceQuality "1"]

{[%evp 15,200,14,22,20,27,4,21,2,12,12,2,0,8,0,0,-20,-11,-19,-22,-23,-19,-14,0,-2,0,0,0,0,0,-13,-13,-25,-13,-13,-18,-13,-13,-36,0,-36,-26,-36,-47,-42,-35,-45,-30,-64,-53,-72,-72,-78,-64,-64,-64,-70,-47,-64,-64,-73,-73,-85,-65,-83,-91,-95,-93,-87,-64,-83,-72,-90,-87,-93,-64,-115,-115,-100,-106,-97,-83,-115,-115,-133,0,0,0,-127,-83,-119,-106,-89,-102,-118,-75,-74,0,-112,-102,-109,-106,-116,-101,-99,-100,-106,-117,-140,-112,-210,-169,-172,-146,-160,-71,-73,-73,-73,-73,-72,-71,-53,0,-37,-33,-72,-72,-72,-72,-71,-70,-66,-48,-98,-97,-156,-156,-152,-158,-147,-134,-176,-154,-193,-121,-137,-87,-87,-87,-87,-87,-99,-80,-104,-87,-143,-87,-87,-87,-95,-95,-608,-586,-2252,-1814,-5089,-5089,-1950,-901,-1076,-1079,-1108,-1108,-1080,-1079,-1076,-1055,-1016,-997,-958,-947,-885,-758,-741,-727,-1237,-726]} 1. d4 d5 2. c4 c6 3. Nf3 Nf6 4. Nc3 e6 5. Bg5 Nbd7 6. cxd5 exd5 7. e3 Be7 {7...h6 is more fashionable.} 8. Qc2 Nh5 9. Bxe7 {D36: Queen's Gambit Declined: Exchange Variation: Main line (5 Bg5 c6 6 Qc2).} Qxe7 10. g4 Nhf6 11. h3 {The position is equal.} Nb6 12. Bd3 Be6 13. O-O-O O-O-O {[#]} 14. Rhe1 $146 ({Predecessor:} 14. Kb1 Kb8 15. Ne5 Nfd7 16. f4 Nxe5 17. fxe5 f6 18. exf6 Qxf6 19. Qh2+ Ka8 20. Rhf1 {1-0 (50) Sargsyan,S (2601)-Navara,D (2717) chess.com INT 2020}) 14... Kb8 15. Ne5 h5 {[%cal Rh5g4]} 16. f3 Nfd7 17. Nxd7+ Rxd7 18. Qg2 hxg4 19. hxg4 Qg5 20. Qg3+ Ka8 21. Qf4 Qe7 22. a3 Rh3 23. g5 Rd8 24. Rh1 Rdh8 25. Rxh3 Rxh3 26. Rg1 a6 27. Bf1 Rh5 28. Qe5 g6 29. Bd3 Rh3 30. Qf4 Nc8 31. Nd1 Qd6 32. Qxd6 Nxd6 33. Rf1 Rg3 34. f4 $1 Bg4 35. Kd2 Kb8 36. Nf2 Bf5 37. Be2 Rg2 38. Ke1 Kc7 39. Nd1 Be4 40. Rf2 Rg1+ 41. Kd2 Rh1 42. Nc3 Kd8 43. Bf1 Ke7 44. Be2 Rh3 45. b3 (45. Bf1 $15 Rh1 46. Bd3) 45... Nf5 $17 46. Nd1 Ng3 47. Nc3 Rh1 48. a4 a5 49. Bd1 Nf1+ 50. Ke2 Ng3+ 51. Kd2 Nf5 52. Bg4 Nd6 53. Be2 Rh3 54. Bg4 Rg3 (54... Rh4 {is interesting.} 55. Bd1 Ke6 56. Ne2 Rh3 57. Ng1 Rh1) 55. Be2 Rh3 56. Bg4 Rh4 57. Be2 Ke6 58. Bf1 b6 59. Be2 Kf5 60. Rf1 Rh2 61. Kd1 Ke6 62. Kd2 (62. Re1 $17) 62... Bf5 63. Kd1 c5 64. Re1 {[#]} Be4 ({Black should try} 64... Ne4 $1 {[%cal Re4c3]} 65. Nxe4 Bxe4 66. Bg4+ Kd6) 65. Bg4+ Ke7 66. dxc5 bxc5 67. Be2 Ke6 68. Bg4+ Ke7 {Strongly threatening ...Rb2.} 69. Be2 $1 Rh3 70. Kd2 d4 71. exd4 cxd4 72. Nb5 Rxb3 73. Nxd4 Rb4 {[%mdl 64] Double Attack} 74. Kc3 {Black must now prevent Bd3.} Rxa4 75. Bd3 ({Better is} 75. Nb3) 75... Ra3+ 76. Nb3 {[#]} a4 $1 {[%mdl 64] Pin} 77. Bxe4 Rxb3+ {[%mdl 4096] Endgame KRB-KRN} 78. Kd2 Kd7 79. Bd5 Rb4 (79... Rb5 $19 80. Ba8 Rb4) 80. Ke3 a3 81. Ra1 Ra4 82. Bb3 Ra5 83. Ra2 Kc6 84. Kf3 Kc5 {Hoping for ...Kb4.} 85. Rd2 (85. Rc2+ $142 Kb5 86. Ba2) 85... Kb4 86. Ba2 Ra6 87. Rd3 Rc6 {aiming for ...Rc2.} 88. Kg4 $2 {[%mdl 8192] [#] This move loses the game for White.} (88. Rb3+ $17 Ka4 89. Rd3) 88... Rc2 $1 $19 {Black is clearly winning.} 89. Bd5 (89. Be6 fxe6) 89... Rc3 90. Rd2 Nf5 {[%csl Gf5][%cal Rc3g3]} 91. Bf3 Ne3+ (91... Re3 $142 92. Rd8 Re1 93. Rb8+ Kc5 94. Rc8+ Kd4 95. Rd8+ Ke3) 92. Kh4 Nc4 93. Rf2 a2 {[%mdl 64] Deflection} 94. Rxa2 Rxf3 {KRN-KR} 95. Kg4 Rd3 96. Ra7 Nd6 97. f5 Rd4+ 98. Kf3 gxf5 99. Ke3 Re4+ 100. Kf3 Kc5 {Weighted Error Value: White=0.09/Black=0.10} 0-1

[Event "Belgrade Spring IM-I 2021"]
[Site "Belgrade"]
[Date "2021.04.20"]
[Round "6.7"]
[White "Zegarac, Vuk"]
[Black "Ivanovic, Marko"]
[Result "1/2-1/2"]
[WhiteElo "2376"]
[BlackElo "2282"]
[Annotator "TA"]
[PlyCount "57"]
[EventDate "2021.04.16"]
[EventType "tourn"]
[EventCountry "SRB"]
[SourceTitle "playchess.com"]
[Source "ChessBase"]
[SourceQuality "1"]

{[%evp 13,57,-9,-11,-12,14,15,12,0,0,0,0,0,0,0,12,4,8,0,31,8,9,0,19,5,25,0,0,0,0,6,12,0,0,0,0,0,0,0,0,0,0,0,0,0,0,0]} 1. d4 Nf6 2. c4 e6 3. Nc3 Bb4 4. e3 O-O 5. Bd2 d5 6. Nf3 b6 7. cxd5 exd5 8. Bd3 {E51: Nimzo-Indian: Rubinstein: 4...0-0 5 Nf3 d5.} Ba6 9. Bxa6 Nxa6 10. Qa4 Qc8 11. O-O Qb7 12. a3 Bxc3 13. Bxc3 {[#]} Ne4 $146 ({Predecessor:} 13... c6 14. Rac1 Rac8 15. Rc2 Ne4 16. Rfc1 Rfe8 17. Be1 Nb8 18. Qb3 Nd7 19. Nd2 Nxd2 20. Bxd2 {½-½ (62) Supi,L (2572)-Bachmann,A (2599) chess24.com INT 2020}) 14. Rac1 Rac8 15. b4 c5 16. dxc5 bxc5 17. bxc5 Naxc5 18. Qd4 {[%csl Gc3][%cal Rd4g7] [#]} Ne6 19. Qe5 (19. Qb4 {seems wilder.} Qa8 20. Qb2 Nxc3 21. Rxc3 Rxc3 22. Qxc3 Rc8 23. Qe5) 19... Nxc3 {The position is equal.} 20. Rxc3 Rxc3 21. Qxc3 Rc8 22. Qb4 (22. Qd2 {feels hotter.} h6 23. h3 Rc5 24. Nd4 Nxd4 25. Qxd4 Qc6 26. Kh2) 22... Qxb4 23. axb4 $11 {[%mdl 4096] Endgame KRN-KRN} Rb8 24. Rb1 Rb5 25. Ne1 d4 26. exd4 Nxd4 27. Rd1 Ne6 ({Avoid the trap} 27... Rxb4 $2 {[#]} 28. Nc2 $1 $18 {[%mdl 512]}) 28. Nc2 a5 29. bxa5 {A rather calm draw.  Weighted Error Value: White=0.05/Black=0.04} 1/2-1/2

[Event "Belgrade Spring IM-I 2021"]
[Site "Belgrade"]
[Date "2021.04.20"]
[Round "6.8"]
[White "Hart, Alexander"]
[Black "Jovanovic, Sasa T"]
[Result "1/2-1/2"]
[WhiteElo "2016"]
[BlackElo "2155"]
[Annotator "TA"]
[PlyCount "30"]
[EventDate "2021.04.16"]
[EventType "tourn"]
[EventCountry "SRB"]
[SourceTitle "playchess.com"]
[Source "ChessBase"]
[SourceQuality "1"]

{[%evp 9,30,0,20,15,1,-15,-20,-34,-28,-31,-2,0,60,42,53,32,39,37,45,35,47,45,52]} 1. d4 d6 2. c4 e5 3. Nc3 exd4 4. Qxd4 Nc6 5. Qd2 g6 6. Nf3 {A21: English Opening: 1...e5 2 Nc3.} Bg7 7. g3 Nf6 8. Bg2 {The position is equal.} O-O 9. O-O {[#]} Bf5 $146 ({Predecessor:} 9... a5 10. Nd4 {½-½ (10) Alshameary Puente,I (2436)-Guerra Rivera,S (2351) Dos Hermanas 2019}) 10. Nh4 Bd7 (10... Be6 $11) 11. b3 $14 {White is slightly better.} Qc8 12. Rd1 Bh3 13. Bh1 Ne5 14. Bb2 Re8 15. Ng2 a6 {Weighted Error Value: White=0.04/Black=0.16} 1/2-1/2